[Event "1st WinTV Open"]
[Site "Chennai IND"]
[Date "2004.01.27"]
[Round "8"]
[White "Krishna,T"]
[Black "Ravi,Th"]
[Result "0-1"]
[WhiteElo "2129"]
[BlackElo "2353"]

1.d4 Nf6 2.c4 e6 3.Nf3 b6 4.g3 Ba6 5.b3 Bb4+ 6.Bd2 Be7 7.Bg2 c6 8.O-O d5
9.Qc2 Nbd7 10.Bg5 Rc8 11.Nbd2 h6 12.Bxf6 Nxf6 13.Rfd1 c5 14.e3 O-O 15.Bf1 cxd4
16.exd4 dxc4 17.bxc4 Bb7 18.Qd3 Qd6 19.Rac1 Rfd8 20.Bg2 Qb8 21.h3 Qa8 22.Qe3 Bb4
23.Nh4 Bxd2 24.Rxd2 Bxg2 25.Nxg2 Ne4 26.Rd3 Nd6 27.c5 Nf5 28.Qd2 Qc6 29.Rcc3 Qd7
30.cxb6 Rxc3 31.Qxc3 axb6 32.Ne1 Nxd4 33.Kh2 e5 34.Re3 Qf5 35.Kg2 Qe6 36.Qc7 Re8
37.Qb7 b5 38.a3 Qd6 39.Nd3 Nc2 40.Rf3 Qe7 41.Qe4 Nxa3 42.Nb4 Nc4 43.Nd5 Qd6
44.Rd3 Qc5 45.Qg4 Qc6 46.Qe4 Kh8 47.Kg1 Nb6 48.Nc3 Qxe4 49.Nxe4 Nc4 50.Rd7 f5
51.Nc5 Rb8 52.Na6 Rb6 53.Nb4 Rd6 54.Rb7 Nb6 55.Kf1 Kh7 56.Ke2 e4 57.Nc2 Nd5
58.Rb8 Nc3+ 59.Kf1 Kg6 60.Na3 Rd5 61.Rb6+ Kf7 62.Rb7+ Kg6 63.Rb6+ Kh7 64.h4 Rd1+
65.Kg2 Rd2 66.h5 e3  0-1

[Event "OSS January It"]
[Site "Oslo NOR"]
[Date "2004.01.27"]
[Round "2"]
[White "Martinovic,Sa"]
[Black "Olsen,H"]
[Result "0-1"]
[WhiteElo "2156"]
[BlackElo "2255"]

1.d4 Nf6 2.c4 e6 3.Nf3 b6 4.g3 Ba6 5.Qa4 c5 6.dxc5 Bxc5 7.Bg2 Bb7 8.O-O O-O
9.Nc3 Be7 10.Rd1 Na6 11.Ne5 Nc5 12.Qc2 Bxg2 13.Kxg2 Qb8 14.Bf4 g5 15.Nd5 Nxd5
16.cxd5 gxf4 17.gxf4 f6 18.Nxd7 Nxd7 19.dxe6 Nc5 20.b4 Qxf4 21.bxc5 Kh8 22.cxb6 Rg8+
23.Kh1 Bd6 24.Rxd6 Qxd6 25.bxa7 Qxe6  0-1

[Event "9th HIT Open"]
[Site "Nova Gorica SLO"]
[Date "2004.01.31"]
[Round "3"]
[White "Olarasu,G"]
[Black "Gombac,Jan"]
[Result "1-0"]
[WhiteElo "2311"]
[BlackElo "2269"]

1.d4 Nf6 2.Nf3 e6 3.c4 b6 4.g3 Ba6 5.Qc2 Bb4+ 6.Bd2 Bxd2+ 7.Nbxd2 d5 8.Bg2 O-O
9.O-O Nbd7 10.b4 c6 11.Rfe1 Qe7 12.c5 bxc5 13.bxc5 e5 14.dxe5 Nxe5 15.Nxe5 Qxe5
16.Nf3 Qe4 17.Qxe4 dxe4 18.Nd4 Rfe8 19.e3 Re5 20.Rec1 Rc8 21.Rab1 g6 22.Bh3 Rc7
23.Rb3 Rh5 24.Bg2 Bd3 25.Rb8+ Kg7 26.Rd8 Nd7 27.Nb3 Re5 28.Bf1 Rd5 29.Bxd3 Rxd3
30.Re8 Nf6 31.Re5 Rcd7 32.Kg2 h5 33.h3 Rb7 34.Rc4 Rd1 35.g4 hxg4 36.hxg4 Nxg4
37.Rexe4 Nf6 38.Red4 Rb1 39.Na5 R7b2 40.Nxc6 Rxa2 41.Ne5 Rbb2 42.Nd3 Rb7
43.c6 Rc7 44.Nb4 Ra4 45.e4 a5 46.Nd5 Rxc4 47.Rxc4 Rc8 48.Nb6 Rc7 49.e5 Ne8
50.Nd5 Rc8 51.c7 a4 52.Rxa4 Nxc7 53.Rc4 Nxd5 54.Rxc8 f6 55.Rc5 Nf4+ 56.Kf3 fxe5
57.Rxe5 Nh5 58.Re6 Kf7 59.Ra6 Ng7 60.Kf4 Nf5 61.Kg5 Nd4 62.Rf6+  1-0

[Event "US Amateur Team East"]
[Site "Parsippany USA"]
[Date "2004.02.15"]
[Round "4"]
[White "Fuhrmann,M"]
[Black "Friedman,J"]
[Result "0-1"]
[WhiteElo "2059"]
[BlackElo "2195"]

1.d4 Nf6 2.c4 e6 3.Nf3 b6 4.g3 Ba6 5.b3 Bb4+ 6.Bd2 Be7 7.Bg2 d5 8.Bc3 O-O
9.O-O Bb7 10.Nbd2 Na6 11.Rc1 c5 12.Ne5 cxd4 13.Bxd4 Ba3 14.Rb1 Rc8 15.cxd5 Bxd5
16.Ndc4 Bxg2 17.Kxg2 Be7 18.e3 Nb4 19.a4 Qd5+ 20.Qf3 Rfd8 21.Rfd1 Nc6 22.Nxc6 Qxc6
23.Qxc6 Rxc6 24.Bxf6 gxf6 25.Rxd8+ Bxd8 26.Rd1 Bc7 27.e4 Kf8 28.f4 Ke7 29.Kf3 a6
30.Ne3 Rc3 31.Rb1 b5 32.Ke2 Bb6 33.Nf1 Kd6 34.Rd1+ Kc6 35.Rd3 Rc2+ 36.Nd2 bxa4
37.bxa4 Ra2 38.Rc3+ Kd7 39.Rc4 Ba5 40.Rd4+ Kc7 41.Rc4+ Kb6 42.Rd4 Rxd2+  0-1

[Event "Tringov mem Open"]
[Site "Plovdiv BUL"]
[Date "2004.02.19"]
[Round "6"]
[White "Genov,Peta"]
[Black "Iotov,V"]
[Result "1-0"]
[WhiteElo "2499"]
[BlackElo "2321"]

1.d4 Nf6 2.c4 e6 3.Nf3 b6 4.g3 Ba6 5.b3 Bb7 6.Bg2 Bb4+ 7.Bd2 a5 8.O-O O-O
9.Bf4 a4 10.bxa4 d6 11.Qb3 Ba5 12.Na3 Nbd7 13.Nb5 Qb8 14.Rfd1 Re8 15.Qb2 Be4
16.Rac1 Qb7 17.Bxd6 cxd6 18.Nxd6 Qc7 19.Nxe8 Rxe8 20.Qb3 e5 21.e3 Qc6 22.Qb5 exd4
23.exd4 Rc8 24.Nh4 h6 25.c5 Bxg2 26.Nxg2 Ne4 27.Ne3 Qxb5 28.axb5 Nc3 29.Rxc3 Bxc3
30.Nd5 Kf8 31.c6 Ba5 32.cxd7 Rd8 33.Rc1  1-0

[Event "5th Montenegro Open"]
[Site "Sozina SCG"]
[Date "2004.02.21"]
[Round "4"]
[White "Damljanovic,B"]
[Black "Pikula,D"]
[Result "1-0"]
[WhiteElo "2575"]
[BlackElo "2532"]

1.d4 Nf6 2.Nf3 e6 3.c4 b6 4.g3 Ba6 5.b3 Bb7 6.Bg2 Bb4+ 7.Bd2 a5 8.O-O O-O
9.Qc2 d6 10.Nc3 Nbd7 11.Rfd1 Bxc3 12.Bxc3 Be4 13.Qc1 h6 14.Bh3 c6 15.Nd2 Bh7
16.Bg2 d5 17.a4 Qe7 18.Qb2 c5 19.cxd5 exd5 20.Nf1 Qe6 21.Rac1 cxd4 22.Bxd4 Rac8
23.Ne3 Be4 24.Bf1 Rfd8 25.b4 axb4 26.Qxb4 Rc6 27.f3 Bg6 28.Bh3 Qd6 29.Qxd6 Rxd6
30.Rc7 Ra8 31.Ra1 Nc5 32.Bxc5 bxc5 33.Rxc5 d4 34.Nf5 Rdd8 35.Ne7+ Kh8 36.Nxg6+ fxg6
37.a5 Ra7 38.a6 Rd6 39.Bc8 Nd5 40.Bb7 Nb4 41.Rca5 d3 42.exd3 Rxd3 43.R5a4 Rb3
44.Rd1 Nd3 45.Ra5 Rc3 46.Rb1 Rc7 47.Be4 Nc5 48.Rc1 Ne6 49.Rxc7 Nxc7 50.Bb7 Kg8
51.Kf2 Kf7 52.Ke3 Ke6 53.Kd4 Kd6 54.Kc4 Ne6 55.Kb5 Kc7 56.Ra4  1-0

[Event "ch-CZE"]
[Site "Karlovy Vary CZE"]
[Date "2004.02.22"]
[Round "6"]
[White "Jirovsky,M"]
[Black "Laznicka,V"]
[Result "1/2-1/2"]
[WhiteElo "2526"]
[BlackElo "2429"]

1.Nf3 Nf6 2.c4 e6 3.d4 b6 4.g3 Ba6 5.Qb3 d5 6.cxd5 Qxd5 7.Qc2 c5 8.Nc3 Qd7
9.Be3 Nc6 10.dxc5 Bxc5 11.Rd1 Nb4 12.Qb3 Bc4 13.Rxd7 Bxb3 14.Bxc5 bxc5 15.Rc7 Nxa2
16.Bg2 Nxc3 17.bxc3 Bd5 18.c4 Be4 19.O-O O-O 20.Ra1 a5 21.Ne5 Bxg2 22.Kxg2 a4
23.Ra3 Ne4 24.Nd3 g6 25.Nxc5 Nxc5 26.Rxc5 Rfb8 27.Rb5 Rxb5 28.cxb5 Kf8 29.b6 Rb8
30.Rxa4 Rxb6 31.Ra2 h5 32.h4 Rb3 33.Rd2 Ke7 34.Rc2 Ra3 35.e3 Kf6 36.Rc4 Ra2
37.Rf4+ Kg7 38.Rd4 Rb2 39.Rc4 Ra2  1/2-1/2

[Event "ch-BRA"]
[Site "Rio de Janeiro BRA"]
[Date "2004.02.27"]
[Round "2"]
[White "Borges,Gu"]
[Black "Guimaraes,W"]
[Result "0-1"]
[WhiteElo "2134"]
[BlackElo "2237"]

1.d4 Nf6 2.c4 e6 3.Nf3 b6 4.g3 Ba6 5.b3 Bb4+ 6.Bd2 Be7 7.Bg2 c6 8.O-O O-O
9.Nc3 d5 10.cxd5 cxd5 11.Ne5 Nfd7 12.f4 Nxe5 13.fxe5 Nc6 14.Be1 Nxd4 15.Rf4 Nc6
16.Bxd5 exd5 17.Nxd5 Bc5+ 18.Bf2 Bxf2+ 19.Kxf2 Nxe5 20.Qd4 Ng6 21.Rf5 Bc8
22.Rh5 Be6 23.e4 Bg4  0-1

[Event "11th Metalis Open"]
[Site "Bizovac CRO"]
[Date "2004.02.28"]
[Round "6"]
[White "Cajzler,H"]
[Black "Saric,A"]
[Result "0-1"]
[WhiteElo "2210"]
[BlackElo "2379"]

1.d4 Nf6 2.Nf3 e6 3.c4 b6 4.g3 Ba6 5.b3 Bb4+ 6.Bd2 Be7 7.Nc3 c6 8.Bg2 d5
9.cxd5 cxd5 10.O-O Nc6 11.Qb1 O-O 12.a3 Bd6 13.Rc1 Qe7 14.Nxd5 Nxd5 15.Rxc6 Bxe2
16.Ng5 g6 17.Qe4 Bb5 18.Rxd6 Qxd6 19.Qh4 h5 20.Ne4 Qe7 21.Bg5 Qd7 22.Nf6+ Nxf6
23.Bxf6 Bc6 24.Qg5 Kh7 25.d5 Bxd5 26.Rd1 Qc6 27.Rxd5 exd5 28.Bxd5 Qc2 29.Bxa8 Qd1+
30.Kg2 Rxa8 31.Bc3 Qxb3 32.Qf6 Rg8 33.h3 Qe6 34.Qd4 f6 35.g4 hxg4 36.hxg4 Rc8
37.f3 Rc4 38.Qd3 Qc6 39.Bd2 Rxg4+ 40.Kh3 Rc4 41.Qe3 Qd7+ 42.Kg3 g5  0-1

[Event "ch-TUR"]
[Site "Kusadasi TUR"]
[Date "2004.03.05"]
[Round "9"]
[White "Olcayoz,A"]
[Black "Keler,F"]
[Result "1-0"]
[WhiteElo "2290"]
[BlackElo "2176"]

1.d4 Nf6 2.c4 e6 3.Nf3 b6 4.g3 Ba6 5.Qa4 Bb7 6.Bg2 c5 7.dxc5 Bxc5 8.Nc3 O-O
9.O-O Be7 10.Rd1 d6 11.Bf4 a6 12.Qb3 Qc7 13.Rac1 Nbd7 14.Ng5 Bxg2 15.Kxg2 Rfd8
16.e3 Ne5 17.Nce4 h6 18.Nxf6+ Bxf6 19.Ne4 Be7 20.g4 Qc6 21.h3 Rd7 22.Bxe5 dxe5
23.Rxd7 Qxd7 24.Qxb6 Qc8 25.b3 Rb8 26.Qa7 Qd8 27.Rc2 Bb4 28.c5 Ra8 29.Qb7 Ba5
30.Nd6 Bc7 31.Rd2 Rb8 32.Qxa6 Ba5 33.Rd3 Be1 34.Qa7 Qh4 35.Qxb8+ Kh7 36.Ne4 f5
37.Qd8  1-0

[Event "ch-PER"]
[Site "Lima PER"]
[Date "2004.03.06"]
[Round "2.1"]
[White "Pacheco,M"]
[Black "Samame Castillo,J"]
[Result "0-1"]
[WhiteElo "2304"]
[BlackElo "2229"]

1.d4 Nf6 2.Nf3 e6 3.c4 b6 4.g3 Ba6 5.Qa4 c5 6.Bg2 Bb7 7.dxc5 Bxc5 8.O-O O-O
9.Nc3 Ne4 10.Nxe4 Bxe4 11.Bf4 d5 12.cxd5 Qxd5 13.Rac1 b5 14.Qb3 Qxb3 15.axb3 Na6
16.Rfd1 f6 17.Nd4 Bxd4 18.Bxe4 Rad8 19.Bd3 Nc5 20.Bxb5 Nxb3 21.Rb1 Kf7 22.e3 Bb6
23.Bd6 Rh8 24.Bc4 Nd4 25.Bb4 Nf3+ 26.Kg2 Ne5 27.Be2 Nc6 28.Bc3 Rxd1 29.Rxd1 Rd8
30.Ra1 Ne7 31.Bh5+ g6 32.Bf3 Rd7 33.Kf1 Nd5 34.Be1 Ne7 35.Ke2 e5 36.Be4 Rc7
37.Bc3 Ke6 38.Bc2 Nc8 39.Rd1 Nd6 40.Bb3+ Ke7 41.f4 exf4 42.exf4 Ne4 43.Bb4+ Nc5
44.Bg8 Kf8  0-1

[Event "FSGM March"]
[Site "Budapest HUN"]
[Date "2004.03.07"]
[Round "2"]
[White "Flumbort,A"]
[Black "Mahesh Chandran,P"]
[Result "1-0"]
[WhiteElo "2481"]
[BlackElo "2437"]

1.d4 Nf6 2.c4 e6 3.Nf3 b6 4.g3 Ba6 5.b3 Bb4+ 6.Bd2 Be7 7.Bg2 c6 8.O-O d5
9.Qc2 O-O 10.Rd1 Nbd7 11.Bf4 Rc8 12.Nc3 Qe8 13.e4 dxc4 14.Nd2 b5 15.bxc4 bxc4
16.Na4 Nb6 17.Nc5 e5 18.Be3 Bb5 19.a4 exd4 20.Bxd4 Rd8 21.Nf3 Rxd4 22.Nxd4 Bxc5
23.axb5 cxb5 24.Rxa7 Qe5 25.Nc6 Qh5 26.h3 b4 27.e5 b3 28.Qb1 Nfd7 29.g4 Qh4
30.Qb2 Qg3 31.Kh1 Bxf2 32.e6 Nf6 33.exf7+ Kh8 34.Qa3  1-0

[Event "ch-PER"]
[Site "Lima PER"]
[Date "2004.03.11"]
[Round "5.2"]
[White "Salazar,C"]
[Black "Cruz,F"]
[Result "1/2-1/2"]
[WhiteElo "2181"]
[BlackElo "2327"]

1.d4 Nf6 2.c4 e6 3.Nf3 b6 4.g3 Ba6 5.Qa4 Be7 6.Bg2 Bb7 7.O-O O-O 8.Rd1 a6
9.Qc2 c5 10.d5 exd5 11.Nh4 g6 12.cxd5 d6 13.e4 Re8 14.f4 Bf8 15.Nc3 b5 16.e5 dxe5
17.fxe5 Rxe5 18.Bf4 Re8 19.d6 Bxg2 20.Qxg2 Nbd7 21.Nd5 Nxd5 22.Qxd5 Bg7 23.Bg5 Bf6
24.Nf3 Nb6 25.Qxc5 Na4 26.Qd5 Nb6 27.Qd2 Nc4 28.Qf4 Qb6+ 29.Kh1 Bxg5 30.Nxg5 Qb7+
31.Kg1  1/2-1/2

[Event "ch-VIE"]
[Site "Dalat City VIE"]
[Date "2004.03.12"]
[Round "1"]
[White "Tran Anh Tri"]
[Black "Cao Sang"]
[Result "0-1"]
[WhiteElo "2350"]
[BlackElo "2488"]

1.d4 Nf6 2.c4 e6 3.Nf3 b6 4.g3 Ba6 5.Qa4 Be7 6.Bg2 Bb7 7.Nc3 O-O 8.O-O c5
9.Rd1 d6 10.Qc2 a6 11.e4 cxd4 12.Nxd4 Qc7 13.b3 Nbd7 14.Bb2 Rac8 15.Qe2 Rfe8
16.Re1 Bf8 17.Rac1 Qb8 18.Qd2 Qa8 19.Rcd1 Nc5 20.f3 Red8 21.Kh1 g6 22.Nc2 Ncd7
23.Ne3 Bc6 24.Ne2 Ne5 25.g4 h6 26.Nd4 Bb7 27.Nf1 b5 28.cxb5 axb5 29.a3 Rc5
30.Ng3 Rdc8 31.Rc1 Rxc1 32.Rxc1 Rxc1+ 33.Bxc1 d5 34.f4 Nexg4 35.h3 dxe4 36.hxg4 Nxg4
37.Qe2 h5 38.b4 Qd8 39.Nxe4 Bxe4 40.Bxe4 Qxd4 41.Kg2 Nf6 42.Bf3 Nd5 43.Qxb5 Nxf4+
44.Bxf4 Qxf4 45.Qd3 h4 46.Be4 g5  0-1

[Event "ch-PER"]
[Site "Lima PER"]
[Date "2004.03.12"]
[Round "6.2"]
[White "Pacheco,M"]
[Black "Esplana,C"]
[Result "1-0"]
[WhiteElo "2304"]
[BlackElo "2320"]

1.d4 Nf6 2.Nf3 e6 3.c4 b6 4.g3 Ba6 5.b3 Bb4+ 6.Bd2 Be7 7.Bg2 c6 8.Bc3 d5
9.Nbd2 Nbd7 10.O-O O-O 11.Re1 Rc8 12.e4 Bb7 13.Qe2 dxe4 14.Nxe4 c5 15.Neg5 cxd4
16.Nxd4 Bxg2 17.Ndxe6 fxe6 18.Qxe6+ Kh8 19.Nf7+ Rxf7 20.Qxf7 Bc5 21.Kxg2 Qg8
22.Qxg8+ Kxg8 23.Rad1 Kf7 24.g4 Rc7 25.h3 a5 26.f4 g6 27.Kf3 Be7 28.Bd4 a4
29.Re3 Nc5 30.Rde1 Rd7 31.b4 Nb7 32.a3 Nd6 33.Bxf6 Bxf6 34.Rd1 Rd8 35.Red3 Ke6
36.g5 Be7 37.c5 bxc5 38.bxc5 Nb7 39.c6 Nd6 40.Rd4 Rc8 41.Rc1 Nb5 42.Rxa4 Bd6
43.Re1+ Kd5 44.Ra5  1-0

[Event "TCh-SWE 2003-4"]
[Site "Goteborg SWE"]
[Date "2004.03.13"]
[Round "10"]
[White "Svenn,G"]
[Black "Sammalvuo,T"]
[Result "0-1"]
[WhiteElo "2360"]
[BlackElo "2445"]

1.d4 Nf6 2.Nf3 e6 3.c4 b6 4.g3 Ba6 5.b3 Bb4+ 6.Bd2 Be7 7.Bg2 c6 8.O-O d5
9.Ne5 Nfd7 10.Nxd7 Nxd7 11.Nc3 Rc8 12.cxd5 cxd5 13.a4 Nb8 14.Nb5 Qd7 15.Bf4 Nc6
16.Qd2 O-O 17.Rfc1 Bb4 18.Qd1 Na5 19.Qd3 h6 20.h4 Rfd8 21.Bf3 Qe7 22.Kg2 Ba3
23.Rxc8 Rxc8 24.e4 dxe4 25.Bxe4 Bb4 26.Rc1 Rxc1 27.Bxc1 Bb7 28.Bxb7 Qxb7+
29.f3 a6 30.Na3 Bxa3 31.Bxa3 Qd5 32.Qxa6 Qxb3 33.Bd6 Qa2+ 34.Kh3 Qd5 35.Qxb6 Qxf3
36.Qb8+ Kh7 37.Qb1+ f5 38.Be5 Nc4 39.Bf4 g5 40.hxg5 hxg5 41.Bxg5 Qg4+ 42.Kg2 Qxg5
43.Qb7+ Qg7 44.Qxg7+ Kxg7 45.Kf3 Kf6 46.Kf4 Na5  0-1

[Event "Dos Hermanas Internet Final"]
[Site "ICC INT"]
[Date "2004.03.13"]
[Round "1.1"]
[White "Mecking,H"]
[Black "Kogan,Ar"]
[Result "0-1"]
[WhiteElo "2557"]
[BlackElo "2543"]

1.d4 Nf6 2.c4 e6 3.Nf3 b6 4.g3 Ba6 5.Qa4 Bb7 6.Bg2 c5 7.O-O cxd4 8.Nxd4 Bxg2
9.Kxg2 Qc8 10.Rd1 Be7 11.Nc3 O-O 12.f3 a6 13.e4 Nc6 14.Nxc6 dxc6 15.Qc2 Nd7
16.Be3 e5 17.Rd2 Qc7 18.Rad1 Rfd8 19.Na4 b5 20.Rxd7 Rxd7 21.Rxd7 Qxd7 22.Nb6 Qa7
23.cxb5 axb5 24.Qxc6 Rb8 25.Qxb5 Qxa2 26.Qxe5 Rb7 27.Bd4 Bf8 28.Nd5 Qa6 29.Kf2 Qc6
30.g4 Qc2+ 31.Kg3 Qc6 32.Kg2 f6 33.Qf5 Qc2+ 34.Kh3 Qd3  0-1

[Event "ch-PER"]
[Site "Lima PER"]
[Date "2004.03.13"]
[Round "7.2"]
[White "Cruz,F"]
[Black "Esplana,C"]
[Result "1-0"]
[WhiteElo "2327"]
[BlackElo "2320"]

1.d4 Nf6 2.c4 e6 3.Nf3 b6 4.g3 Ba6 5.b3 Bb4+ 6.Bd2 Be7 7.Bg2 c6 8.Bc3 d5
9.Nbd2 Nbd7 10.O-O O-O 11.Re1 c5 12.e4 dxe4 13.Nxe4 Bb7 14.Nxf6+ Bxf6 15.Qd2 cxd4
16.Bxd4 Bxd4 17.Qxd4 Qc7 18.Rad1 Rfd8 19.Qe3 Nf6 20.Ne5 Bxg2 21.Kxg2 h6 22.h3 a6
23.Ng4 Ne8 24.Qf3 b5 25.Rc1 bxc4 26.Rxc4 Qd6 27.Rf4 Ra7 28.Ne5 Rc8 29.Rxf7 Rcc7
30.Rf4 Nf6 31.Rxf6 gxf6 32.Qxf6 Qf8 33.Qxe6+ Kh7 34.Qg6+ Kh8 35.Re4 Qg7 36.Qe6 Rc5
37.Rh4 Kh7 38.Qf5+  1-0

[Event "SFch-NED"]
[Site "Leeuwarden NED"]
[Date "2004.03.14"]
[Round "2.3"]
[White "Janssen,R"]
[Black "Bosboom,M"]
[Result "1/2-1/2"]
[WhiteElo "2489"]
[BlackElo "2419"]

1.d4 Nf6 2.c4 e6 3.Nf3 b6 4.g3 Ba6 5.Qa4 Bb7 6.Bg2 c5 7.dxc5 bxc5 8.O-O Qb6
9.Nc3 Nc6 10.Bf4 a6 11.Rfd1 Be7 12.Rd2 O-O 13.Rad1 h6 14.Qc2 d5 15.cxd5 exd5
16.Be5 Nb4 17.Qb1 d4 18.Bxf6 Qxf6 19.Na4 Rab8 20.Rc1 Rfc8 21.a3 Nd5 22.Rdc2 d3
23.exd3 Nc7 24.Nxc5 Bxc5 25.Rxc5 Bxf3 26.Bxf3 Rxb2 27.Qa1 Rcb8 28.Rxc7 Qxf3
29.Rf1 Qxd3 30.Qc1 Ra2 31.Rxf7 Kxf7 32.Qc7+ Kg6 33.Qxb8 Rxa3  1/2-1/2

[Event "Blitz"]
[Site "Reykjavik ISL"]
[Date "2004.03.17"]
[Round "5"]
[White "Stefansson,H"]
[Black "Kristjansson,S"]
[Result "0-1"]
[WhiteElo "2572"]
[BlackElo "2404"]

1.d4 Nf6 2.c4 e6 3.Nf3 b6 4.g3 Ba6 5.b3 Bb4+ 6.Bd2 Be7 7.Bg2 c6 8.O-O d5
9.Qc2 Nbd7 10.Rd1 Rc8 11.Nc3 O-O 12.Bf4 dxc4 13.Ne5 Nd5 14.bxc4 Nxf4 15.Nxc6 Rxc6
16.Bxc6 Ng6 17.d5 Qc8 18.Nb5 Bxb5 19.cxb5 exd5 20.Rac1 Nf6 21.Bxd5 Bc5 22.Bf3 Qh3
23.Bg2 Bxf2+ 24.Kxf2 Ng4+ 25.Kf1 Ne3+ 26.Kf2 Qxg2+ 27.Kxe3 Re8+ 28.Kd4 Qf2+
29.Kd5 Rd8+ 30.Kc6 Rc8+ 31.Kb7 Rxc2 32.Rd8+ Nf8 33.Rxc2 g6 34.Rcc8 Qxe2 35.Rxf8+ Kg7
36.Kxa7 Qxb5 37.Rg8+ Kh6 38.Rc7 Qa5+ 39.Kb8 Qxa2 40.Rf8 Kg7 41.Rd8 b5 42.h4 h5
43.Rb7 Qb3 44.Rdd7 Qxg3+ 45.Ka7 Qf4 46.Ka6 b4 47.Ka5 b3 48.Re7 Qc4 49.Rb5 b2
50.Reb7 Qa2+  0-1

[Event "TCh-BEL2 2003-4"]
[Site "Belgium BEL"]
[Date "2004.03.23"]
[Round "11"]
[White "Bouhallel,R"]
[Black "Ghysels,M"]
[Result "1-0"]
[WhiteElo "2302"]
[BlackElo "2152"]

1.d4 Nf6 2.Nf3 e6 3.c4 b6 4.g3 Ba6 5.b3 Bb4+ 6.Bd2 Be7 7.Bg2 c6 8.O-O d5
9.Ne5 O-O 10.Bc3 Nfd7 11.Nxd7 Nxd7 12.Nd2 Rc8 13.Re1 b5 14.e4 bxc4 15.bxc4 dxc4
16.Qa4 Bb5 17.Qc2 Nf6 18.Rad1 Qc7 19.a4 Ba6 20.Qa2 c5 21.d5 e5 22.Bf1 Bd6
23.Bxc4 Bxc4 24.Nxc4 Rb8 25.Rc1 Rb7 26.Rc2 Re8 27.f3 Nd7 28.Rec1 g6 29.Bd2 Bf8
30.Kg2 Kg7 31.Rd1 Bd6 32.Qa3 Rc8 33.Rdc1 Bf8 34.f4 f6 35.Qf3 Bd6 36.Be3 Rb3
37.fxe5 Bxe5 38.Bh6+ Kxh6 39.Qxb3 Bd4 40.Qf3 Kg7 41.Rf1 Rf8 42.Qf4 Qb8 43.Qd2 h5
44.Na3 Re8 45.Rb1 Qa8 46.Qf4 Be5 47.Qf3 Rb8 48.Rcc1 Rb2+ 49.Rxb2 Bxb2 50.Rb1 Bd4
51.Nb5 Qb8 52.Qd3 Ne5 53.Nxd4 Nxd3 54.Ne6+  1-0

[Event "Open ch-NOR"]
[Site "Oslo NOR"]
[Date "2004.04.05"]
[Round "3"]
[White "Bjerke,R"]
[Black "Brynell,S"]
[Result "0-1"]
[WhiteElo "2242"]
[BlackElo "2458"]

1.d4 Nf6 2.c4 e6 3.Nf3 b6 4.g3 Ba6 5.Qa4 c5 6.Bg2 Bb7 7.dxc5 bxc5 8.O-O Be7
9.Nc3 O-O 10.Bf4 d6 11.Rfd1 Qb6 12.Rab1 Na6 13.a3 Rfd8 14.h3 Rac8 15.Qb5 Nc7
16.Qxb6 axb6 17.g4 Rb8 18.Rd2 Ne4 19.Nxe4 Bxe4 20.Rbd1 e5 21.Bg3 b5 22.cxb5 Nxb5
23.Nh4 Bxg2 24.Nf5 Bg5 25.Kxg2 Bxd2 26.Rxd2 Nd4 27.Ne7+ Kf8 28.Nd5 Rb3 29.e3 Nc6
30.Nc3 Ke7 31.Bh4+ f6 32.g5 Rxc3 33.bxc3 Ke6 34.e4 Ra8 35.gxf6 gxf6 36.Bxf6 Rxa3
37.Bg7 Rxc3 38.f4 Nd4 39.f5+ Kf7 40.Bh6 Rc2 41.Kf2 Rxd2+ 42.Bxd2 Kf6 43.h4 Nxf5
44.Bg5+ Ke6 45.exf5+ Kxf5 46.Be7 Ke6 47.Bf8 c4 48.Ke3 d5 49.Bc5 h5 50.Bb4 Kf5  0-1

[Event "ch-HUN U20"]
[Site "Budapest HUN"]
[Date "2004.04.06"]
[Round "2"]
[White "Flumbort,A"]
[Black "Szabo,K"]
[Result "1/2-1/2"]
[WhiteElo "2486"]
[BlackElo "2336"]

1.d4 Nf6 2.c4 e6 3.Nf3 b6 4.g3 Ba6 5.b3 Bb4+ 6.Bd2 Be7 7.Bg2 c6 8.O-O d5
9.Qc2 O-O 10.Bf4 Nbd7 11.Rd1 Rc8 12.Nc3 dxc4 13.Nd2 b5 14.bxc4 bxc4 15.e4 Nb6
16.Nf3 Ba3 17.Bg5 h6 18.e5 hxg5 19.Nxg5 Re8 20.exf6 Qxf6 21.h4 g6 22.Nce4 Qe7
23.Nc5 Bb5 24.Re1 Bxc5 25.dxc5 Na4 26.Bf1 c3 27.Bh3 Nxc5 28.Qxc3 Rcd8 29.Ne4 Nxe4
30.Rxe4 Rd3 31.Qc1 Qf6 32.a4 Ba6 33.Rf4 Qe5 34.Kh2 Rc3 35.Qd1 Qd5 36.Qe1 Qc5
37.h5 gxh5 38.Rd1 Rc2 39.Rd7 Re2 40.Rfxf7 Rxe1 41.Rg7+ Kh8 42.Rh7+ Kg8 43.Rhg7+  1/2-1/2

[Event "Cogas Open"]
[Site "Almelo NED"]
[Date "2004.04.10"]
[Round "5"]
[White "Cornelisse,J"]
[Black "Lingnau,C"]
[Result "0-1"]
[WhiteElo "2118"]
[BlackElo "2427"]

1.d4 Nf6 2.c4 e6 3.Nf3 b6 4.g3 Ba6 5.b3 Bb4+ 6.Bd2 Be7 7.Bg2 d5 8.Ne5 O-O
9.O-O Bb7 10.Nc3 Na6 11.cxd5 exd5 12.Rc1 c5 13.dxc5 bxc5 14.Nd3 Qd7 15.Na4 Rac8
16.Bg5 Ne4 17.Bxe7 Qxe7 18.Nab2 d4 19.Na4 Rfd8 20.Qe1 Re8 21.Qa5 Ng5 22.h4 Bxg2
23.Kxg2 Qb7+ 24.Kh2 Ne4 25.Naxc5 Naxc5 26.Nxc5 Qd5 27.b4 Nxg3 28.Kxg3 Rc6
29.Ne6 Qxe6 30.Rxc6 Qxc6 31.Qxa7 Qd6+ 32.Kg2 Qg6+ 33.Kh3 Qe6+ 34.Kg2 Qg4+
35.Kh2 Qxh4+ 36.Kg2 Qg4+ 37.Kh2 g6 38.e3 d3 39.Qd4 Re4 40.Qd8+ Kg7 41.f3 Qh5+
42.Kg2 Rxb4 43.Qxd3 Qg5+ 44.Kf2 Rb2+ 45.Ke1 Rxa2  0-1

[Event "8th Neckar Open"]
[Site "Deizisau GER"]
[Date "2004.04.10"]
[Round "4"]
[White "Epishin,V"]
[Black "Sax,G"]
[Result "1/2-1/2"]
[WhiteElo "2633"]
[BlackElo "2542"]

1.d4 Nf6 2.c4 e6 3.Nf3 b6 4.g3 Ba6 5.b3 Bb4+ 6.Bd2 Be7 7.Nc3 c6 8.e4 d5 9.e5 Ne4
10.Bd3 Nxc3 11.Bxc3 c5 12.dxc5 bxc5 13.Qe2 Bb7 14.Rd1 d4 15.Be4 Qc7 16.Bd2 Bxe4
17.Qxe4 Qc6 18.Qe2 Nd7 19.O-O a5 20.a4 O-O 21.Ne1 Rfb8 22.Rb1 Rb7 23.f4 Rab8
24.Rf3 f6 25.h4 Bd8 26.Rf1 Be7 27.Qd3 Bd8 28.Qe2 Be7 29.Qd3 Bd8 30.Nf3 Bc7
31.Rfe1 h6 32.h5  1/2-1/2

[Event "FSIM April"]
[Site "Budapest HUN"]
[Date "2004.04.11"]
[Round "9"]
[White "Farago,S"]
[Black "Fodor,T jr"]
[Result "1-0"]
[WhiteElo "2314"]
[BlackElo "2183"]

1.d4 Nf6 2.c4 e6 3.Nf3 b6 4.g3 Ba6 5.Qc2 Bb7 6.Bg2 c5 7.dxc5 Bxc5 8.Nc3 O-O
9.O-O d5 10.cxd5 Nxd5 11.Ng5 g6 12.Rd1 Qc8 13.Qe4 Nxc3 14.Qxb7 Nxd1 15.Qxa8 Bxf2+
16.Kh1 Be3 17.Bxe3 Nxe3 18.Bf3 Qc2 19.Rg1 a5 20.Qb7 Qxb2 21.Nxf7 Rxf7 22.Qxb8+ Kg7
23.Qd6 e5 24.a4 Nf5 25.Qe6 Qd4 26.Bd5 Re7 27.Qg8+ Kh6 28.g4 Rg7 29.Qb8 Ne7
30.g5+ Kh5 31.Bf3+ Kh4 32.Rg4+ Qxg4 33.Bxg4 Kxg4 34.Qxb6 Nf5 35.Qxa5 e4 36.Kg2 Rd7
37.Qe5 e3 38.h3+ Kxg5 39.a5 Rd1 40.a6 Re1 41.Kf3 Rf1+ 42.Ke4  1-0

[Event "8th Neckar Open"]
[Site "Deizisau GER"]
[Date "2004.04.11"]
[Round "6"]
[White "Donchenko,A"]
[Black "Ftacnik,L"]
[Result "1-0"]
[WhiteElo "2409"]
[BlackElo "2582"]

1.d4 Nf6 2.Nf3 b6 3.c4 e6 4.g3 Ba6 5.b3 Bb4+ 6.Bd2 Be7 7.Bg2 c6 8.Bc3 d5
9.Nbd2 Nbd7 10.O-O O-O 11.Re1 c5 12.Bb2 Rc8 13.Rc1 b5 14.cxb5 Bxb5 15.e4 Nxe4
16.Nxe4 dxe4 17.Rxe4 c4 18.Ne5 Nf6 19.bxc4 Nxe4 20.Bxe4 Be8 21.Qd3 f5 22.Bg2 Bf6
23.Qe2 Bxe5 24.Qxe5 Qf6 25.Qe2 f4 26.d5 f3 27.Qd2 Qf5 28.Bf1 exd5 29.cxd5 Bf7
30.Qd4 Qg5 31.h4 Qh6 32.Rc6 Rxc6 33.dxc6 Qf6 34.Bh3 Qxd4 35.Bxd4 Bd5 36.c7 Bb7
37.Be6+ Kh8 38.Bxa7 Re8 39.Bg4 g6 40.Kh2 Kg8 41.a4 h5 42.Bh3 Kf7 43.a5 Re6
44.g4 Re4 45.Kg3 hxg4 46.Bxg4 Rc4 47.Bb6 Kf6 48.Bd7 Rc2 49.Bb5 Ra2 50.Bc6 Bc8
51.Bxf3 Ra3 52.Kg2 Ra4 53.h5 gxh5 54.Bxh5 Ke7 55.Kg3 Kd6 56.f3 Ra3 57.Kf4 Kc6
58.Bg6 Kb7 59.Be4+ Ka6 60.Ke5 Ra1 61.f4 Re1 62.Kd4  1-0

[Event "ACP Blitz Prelim4"]
[Site "playchess.com INT"]
[Date "2004.04.15"]
[Round "11"]
[White "Tregubov,P"]
[Black "Zaitsev,M"]
[Result "1-0"]
[WhiteElo "2636"]
[BlackElo "2466"]

1.d4 Nf6 2.c4 e6 3.Nf3 b6 4.g3 Ba6 5.Nbd2 d5 6.Bg2 c6 7.O-O Nbd7 8.b3 Bb4
9.Bb2 O-O 10.a3 Be7 11.Re1 c5 12.cxd5 exd5 13.e4 dxe4 14.Nxe4 Nxe4 15.Rxe4 Bb7
16.Re1 Nf6 17.dxc5 Bxc5 18.b4 Bd6 19.Qd4 Re8 20.Rxe8+ Nxe8 21.Rd1 Be7 22.Ne5 Bxg2
23.Kxg2 Qxd4 24.Rxd4 Nd6 25.Nc6 Bf8 26.a4 a6 27.Rd5 Rc8 28.Ne5 b5 29.Nd7 Nc4
30.axb5 axb5 31.Nxf8 Kxf8 32.Bd4 Rb8 33.Rd7 h5 34.Kf3 Re8 35.Rb7 Na3 36.h4 Kg8
37.Bc5 f6 38.Kf4 Re5 39.f3 Re8 40.g4 hxg4 41.fxg4 Kh7 42.Bd4 Re1 43.g5 Rf1+
44.Kg3 Kg6 45.gxf6 gxf6 46.Kg4 f5+ 47.Kg3 Rd1 48.Be3 Rd3 49.Rb6+ Kf7 50.Rb7+ Ke6
51.Kf4 Kd5 52.Bc5 Kc4 53.h5 Nc2 54.h6 Rh3 55.h7 Nxb4 56.Bd6 Nd5+ 57.Kxf5 b4
58.Be5 b3 59.h8=Q Rxh8 60.Bxh8 Ne3+ 61.Ke4 Nd1 62.Rc7+ Kb4 63.Kd3 Nf2+ 64.Kd2 Ne4+
65.Kc1 Nc5 66.Kb1 Kb5 67.Bf6 Kb4 68.Be7  1-0

[Event "7th St Quentin Open"]
[Site "Elancourt FRA"]
[Date "2004.04.21"]
[Round "5"]
[White "Sulypa,A"]
[Black "Istratescu,A"]
[Result "1/2-1/2"]
[WhiteElo "2488"]
[BlackElo "2587"]

1.d4 Nf6 2.c4 e6 3.Nf3 b6 4.g3 Ba6 5.b3 Bb7 6.Bg2 Bb4+ 7.Bd2 a5 8.O-O O-O
9.Nc3 d5 10.cxd5 exd5 11.Ne5  1/2-1/2

[Event "TCh-RUS w"]
[Site "Sochi RUS"]
[Date "2004.04.26"]
[Round "7"]
[White "Khusnutdinova,L"]
[Black "Sirotkina,N"]
[Result "0-1"]
[WhiteElo "2233"]
[BlackElo "2229"]

1.d4 Nf6 2.Nf3 e6 3.c4 b6 4.g3 Ba6 5.b3 Bb4+ 6.Bd2 Be7 7.Bg2 c6 8.O-O d5
9.Qc2 Nbd7 10.a4 O-O 11.Na3 Rc8 12.b4 c5 13.dxc5 bxc5 14.b5 Bb7 15.e3 d4
16.Rfd1 Be4 17.Qb2 e5 18.Be1 Qc7 19.Nb1 Bb7 20.Qa3 h6 21.exd4 exd4 22.Nxd4 cxd4
23.Qxe7 Bxg2 24.Kxg2 Qb7+ 25.Kg1 Rfe8 26.Qa3 Ne5 27.Nd2 Ne4 28.Nf3 Nxg3 29.fxg3 Nxf3+
30.Kf2 Re3 31.Rd3 Rce8 32.Rxe3 Rxe3 33.Qxe3 dxe3+ 34.Kxe3 Qe7+ 35.Kf2 Nxe1
36.Rxe1 Qc5+ 37.Kf3 Qxc4 38.Re4 Qd5 39.Ke3 Qc5+ 40.Kd3 Qa3+ 41.Ke2 Qa2+ 42.Kf3 Qxh2
43.Kf4 g5+  0-1